Informačná a komunikačná technológia ako podpora pre podnikový vývoj a inovácie

Existencia veľkého rozdielu medzi rozvojom obchodu a rozvojom technológií a vedomostí o týchto činnostiach. Problémy podnikania a rozvoja informačných a komunikačných technológií. Budovanie siete, inovácie.

Salvato in:
Dettagli Bibliografici
Autore principale: Prividi, Dagmar
Natura: Capitolo di libro
Lingua:slovacco
Soggetti:
Tags: Aggiungi Tag
Nessun Tag, puoi essere il primo ad aggiungerne!!

MARC

LEADER 00000nla$a2200000$$$4500
001 0143490
005 20240502072556.0
041 0 |a slo 
044 |a SK 
245 1 0 |a Informačná a komunikačná technológia ako podpora pre podnikový vývoj a inovácie  |c Dagmar Prividi 
520 |a Existencia veľkého rozdielu medzi rozvojom obchodu a rozvojom technológií a vedomostí o týchto činnostiach. Problémy podnikania a rozvoja informačných a komunikačných technológií. Budovanie siete, inovácie. 
610 2 0 |a podnikanie 
610 2 0 |a stratégia podnikateľská 
610 2 0 |a technológie informačné 
610 2 0 |a technológie komunikačné 
610 2 0 |a obchod 
100 1 |a Prividi, Dagmar